Giáo dục học; T2 Lí luận dạy học
Gespeichert in:
| 1. Verfasser: | |
|---|---|
| Format: | Buch |
| Sprache: | Undetermined |
| Veröffentlicht: |
Hà Nội
Giáo dục
1973
|
| Schlagworte: | |
| Tags: |
Tag hinzufügen
Keine Tags, Fügen Sie den ersten Tag hinzu!
|
| Thư viện lưu trữ: | Trung tâm Học liệu Trường Đại học Cần Thơ |
|---|
| LEADER | 00483nam a2200181Ia 4500 | ||
|---|---|---|---|
| 001 | CTU_6062 | ||
| 008 | 210402s9999 xx 000 0 und d | ||
| 082 | |a 370 | ||
| 082 | |b I.28/T.2 | ||
| 100 | |a Ilina, T A | ||
| 245 | 0 | |a Giáo dục học; T2 | |
| 245 | 0 | |b Lí luận dạy học | |
| 245 | 0 | |c T A Ilina, Hoàng Hạnh | |
| 260 | |a Hà Nội | ||
| 260 | |b Giáo dục | ||
| 260 | |c 1973 | ||
| 650 | |a Education | ||
| 980 | |a Trung tâm Học liệu Trường Đại học Cần Thơ | ||